<?xml version="1.0" encoding="UTF-8"?>
<record
    xmlns:xsi="http://www.w3.org/2001/XMLSchema-instance"
    xsi:schemaLocation="http://www.loc.gov/MARC21/slim http://www.loc.gov/standards/marcxml/schema/MARC21slim.xsd"
    xmlns="http://www.loc.gov/MARC21/slim">

  <leader>00797cam1a220025300 4500</leader>
  <controlfield tag="001">lce00313528</controlfield>
  <controlfield tag="008">770706s1975    enkabd   b    000 0 eng  </controlfield>
  <datafield tag="010" ind1=" " ind2=" ">
    <subfield code="a">   77358405 //r88</subfield>
  </datafield>
  <datafield tag="015" ind1=" " ind2=" ">
    <subfield code="a">GB77-02995</subfield>
  </datafield>
  <datafield tag="020" ind1=" " ind2=" ">
    <subfield code="c">L.0.50</subfield>
  </datafield>
  <datafield tag="035" ind1=" " ind2=" ">
    <subfield code="a">(Sirsi) r14772</subfield>
  </datafield>
  <datafield tag="035" ind1=" " ind2=" ">
    <subfield code="a">(DLC)   77358405 //r88</subfield>
  </datafield>
  <datafield tag="035" ind1=" " ind2=" ">
    <subfield code="a">(UPRA)lce00313528</subfield>
  </datafield>
  <datafield tag="050" ind1="0" ind2=" ">
    <subfield code="a">QC993.7</subfield>
    <subfield code="b">.T45</subfield>
  </datafield>
  <datafield tag="082" ind1=" " ind2=" ">
    <subfield code="a">551.6/9/154</subfield>
  </datafield>
  <datafield tag="100" ind1="1" ind2=" ">
    <subfield code="a">Thompson, Russell D.</subfield>
    <subfield code="6">A48171.1</subfield>
  </datafield>
  <datafield tag="245" ind1="1" ind2="4">
    <subfield code="a">The climatology of the arid world /</subfield>
    <subfield code="c">[by] R. D. Thompson.</subfield>
  </datafield>
  <datafield tag="260" ind1=" " ind2=" ">
    <subfield code="a">Reading :</subfield>
    <subfield code="b">Department of Geography, University of Reading,</subfield>
    <subfield code="c">1975.</subfield>
  </datafield>
  <datafield tag="440" ind1=" " ind2="0">
    <subfield code="x">0305-5914 ; v20.1..1.6</subfield>
    <subfield code="6">S3975.1</subfield>
  </datafield>
  <datafield tag="504" ind1=" " ind2=" ">
    <subfield code="a">Bibliography: p. 38-[39].</subfield>
  </datafield>
  <datafield tag="650" ind1=" " ind2="0">
    <subfield code="a">Arid regions climate.</subfield>
    <subfield code="6">S53271.1</subfield>
  </datafield>
  <datafield tag="949" ind1=" " ind2=" ">
    <subfield code="a">QC993.7</subfield>
    <subfield code="w">lcc</subfield>
    <subfield code="i">-8939</subfield>
    <subfield code="m">MAIN</subfield>
    <subfield code="t">BOOK</subfield>
    <subfield code="l">ON-SHELF</subfield>
  </datafield>
  <controlfield tag="004">14772</controlfield>
  <datafield tag="999" ind1=" " ind2=" ">
    <subfield code="c">153407</subfield>
    <subfield code="d">153407</subfield>
  </datafield>
</record>
